000 00979nam a2200265 a 4500
001 BRCA_4383
005 20190320204642.0
008 140909s1721----ne-a######---#000-0#fre-#
041 _afre
044 _ane
050 4 _aF1211.G3
_b.N68 2
_c1721
245 1 0 _aNouvelle Relation Contenant les Voyages de Thomas Gage dans la Nouvelle Espagne, ses diverses Avantures & son Retour dans la Province de Nicaragua jusqu´a La Havane. Avec la Description de la Ville de Mexique telle qu´elle étoit Autrefois & Comme elle est á Present.
260 _aÁmsterdam
_bPaul Marret
_c1721
300 _a4 t. en 2 v.
_bil., mapas
_c17 cm.
500 _aEjemplar igual a B351
500 _aB355
600 1 4 _aGage, Thomas
_dm. 1656
_99698
650 1 4 _aViajeros ingleses
_97018
650 1 4 _aMisiones
_99699
650 1 4 _aPoconchi
_99700
651 4 _aMéxico
_xDescripción y viajes
_9103
651 4 _aAmérica Central
_xDescripción y viajes
_99701
902 _aGFM
942 _2lcc
_cB
999 _c4094
_d4094